000 00405nam a22001697a 4500
005 20160531164900.0
008 160531b xxu||||| |||| 00| 0 eng d
020 _a81-297-0000-X
041 _aeng
082 _b6491
100 _aAdom Jr. Everett E & Others
_91621
245 _aProduction and Operations Mgt.
260 _bPearsons
_c2003
300 _a701
650 _aManagement
_9241
942 _cBK
999 _c2281
_d2280